000 00336nam a2200145Ia 4500
005 20250423094252.0
008 250422s9999 xx 000 0 und d
020 _a0-582-34828-5
100 _aParker, E. W.
245 2 _aA pageant of longer poems
260 _bLongman Group Ltd
260 _c1956
300 _a307 p
942 _cBK
999 _c26758
_d26758